=LDR 00000nam 2200000 4500 =001 INLIS000000000007477 =005 20241017012257 =035 ##$$a 0010-0922000348 =245 1#$$a Persamaan Diferensial : $b Dilengkapi Contoh Penyelesaian Masalah Untuk Umum dan Mahasiswa /$c Sugiyarto =100 #$$a SUGIYARTO =250 ##$$a Cet. 1, Agustus =300 ##$$a vi, 135 halaman : $b Tabel, gambar, grafik ; $c 16x24 cm =856 ##$$a OPAC (Rak Tandon - Rak 6.1) =260 ##$$a Yogyakarta :$b Binafsi Publisher,$c 2015 =082 ##$$a 512.5 =084 ##$$a 512.5 SUG p =020 ##$$a 978-6027-14293-0 =650 #4$$a Aljabar Linear, Aljabar Multilinear, Aljabar Multidimensional =650 #4$$a Sumbangan Mahasiswa 2017 =500 ##$$a Sumbangan Mahasiswa 2017 =520 ##$$a Persamaan Diferensial adalah salah satu cabang ilmu matematika terapan yang sangat penting. Buku-buku yang secara khusus membahas ilmu ini jarang ditemukan. =008 241017###########################0###### =990 ##$$a 89/SM-17